Business Communication (Record no. 18685)

MARC details
000 -LEADER
fixed length control field 00386nam a2200157Ia 4500
008 - FIXED-LENGTH DATA ELEMENTS--GENERAL INFORMATION
fixed length control field 221030s9999 xx 000 0 und d
020 ## - INTERNATIONAL STANDARD BOOK NUMBER
ISBN 9789353595999
041 ## - LANGUAGE CODE
Language code of text/sound track or separate title
100 ## - MAIN ENTRY--AUTHOR NAME
Personal name V. Kumar
245 #0 - TITLE STATEMENT
Title Business Communication
Statement of responsibility, etc by V. Kumar, Bodh Raj
260 ## - PUBLICATION, DISTRIBUTION, ETC. (IMPRINT)
Name of publisher Kalyani Pub.
Place of publication Ludhiana
Year of publication 2020
300 ## - PHYSICAL DESCRIPTION
Number of Pages 18.8
650 ## - SUBJECT ADDED ENTRY--TOPICAL TERM
Topical Term Management
700 ## - ADDED ENTRY--PERSONAL NAME
Personal name Bodh Raj
942 ## - ADDED ENTRY ELEMENTS (KOHA)
Koha item type Books
Holdings
Accession Number Cost, normal purchase price Bill Date Source of acquisition Price effective from Koha item type Withdrawn / writtenoff status Materials specified (bound volume or other part) Damaged status Not for loan Permanent Location Current Location Shelving location Date acquired Lost/ Missing status department
B.COM 135 225.00 43 RKB 10/30/2022 Books   Print   Not For Loan MIET Library, Jammu MIET Library, Jammu 192/2 09/04/2021   B.COM
B.COM 136 225.00 43 RKB 10/30/2022 Books   Print     MIET Library, Jammu MIET Library, Jammu 190/4 09/04/2021   B.COM
B.COM 137 225.00 43 RKB 10/30/2022 Books   Print     MIET Library, Jammu MIET Library, Jammu 190/4 09/04/2021   B.COM